<The> Banker

Gespeichert in:
Bibliographische Detailangaben
Format: Schriftenreihe
Sprache:Englisch
Veröffentlicht: London Banker 1976
Tags: Tag hinzufügen
Keine Tags, Fügen Sie das erste Tag hinzu!

MARC

LEADER 00000nas2a2200000 4500
001 0007519
005 20250730114233.7
041 0 |a eng 
044 |a GB 
245 1 0 |a <The> Banker 
264 1 |a London  |b Banker  |c 1976 
300 |a 2 zv. 
773 0 |w eu_un_cat*s120423